An ansvver to Mr. Tombes his scepticall exercitation of infants baptisme: wherein baptisme is declared to ingraft us into Christ, before any preparation: and the covenant of the Gospell to Abraham and the gentiles is prooved to be the same, extended to the gentiles children, as well as to Abrahams: together with the reason, why baptize children, is not so plainly set downe in the Gospell, as circumcize children, in the law, and yet the Gospell more plaine then the law. Whereunto is now added, a provocation of Mr. Tombes to make good his generall charge, against Mr. William-Hussey's satisfaction to his scepticall exercitation. By William Hussey, minister of the Gospell at Chislehurst in Kent.

Bibliographic Details
Main Author: Hussey, William, minister of Chiselhurst
Format: eBook
Language:English
Published: London : Printed for John Saywell, and are to be sold at his shop, at the sign of the Starre in Little Britaine, 1647.
Series:Early English books online.
Subjects:
Online Access:Connect to the full text of this electronic book

MARC

Tag First Indicator Second Indicator Subfields
LEADER 00000nam a2200000 4500
001 in00004323521
005 20200812081101.0
006 m g d
007 cr bn |||a|bb|
008 951026s1647 enk o 00| | eng d
035 |a (UnM)99831801 
037 |a CL0037000067  |b ProQuest Information and Learning. 300 N. Zeeb Rd., Ann Arbor, MI 48106 
040 |a Cu-RivES  |c Cu-RivES  |d CStRLIN  |e dcrb  |d WaOLN 
100 1 |a Hussey, William,  |c minister of Chiselhurst. 
245 0 3 |a An ansvver to Mr. Tombes his scepticall exercitation of infants baptisme:  |b wherein baptisme is declared to ingraft us into Christ, before any preparation: and the covenant of the Gospell to Abraham and the gentiles is prooved to be the same, extended to the gentiles children, as well as to Abrahams: together with the reason, why baptize children, is not so plainly set downe in the Gospell, as circumcize children, in the law, and yet the Gospell more plaine then the law. Whereunto is now added, a provocation of Mr. Tombes to make good his generall charge, against Mr. William-Hussey's satisfaction to his scepticall exercitation. By William Hussey, minister of the Gospell at Chislehurst in Kent. 
246 2 |a Answer to Mr. Tombes his scepticall examination of infants-baptisme 
246 2 |a Satisfaction to Mr. Tombes his scepticall exercitation. 
246 2 |a Answer to Mr. Tombes his scepticall exercitation of infants baptisme. 
260 |a London :  |b Printed for John Saywell, and are to be sold at his shop, at the sign of the Starre in Little Britaine,  |c 1647. 
300 |a 1 online resource ([6], 72 pages) 
336 |a text  |b txt  |2 rdacontent 
337 |a computer  |b c  |2 rdamedia 
338 |a online resource  |b cr  |2 rdacarrier 
500 |a Running title reads: Satisfaction to Mr. Tombes his scepticall exercitation. 
500 |a Originally published in 1646 with the title: An ansvver to Mr. Tombes his scepticall examination of infants baptisme. 
500 |a A reply to: Tombes, John. Two treatises and an appendix to them concerning infant-baptisme (Wing T1825). 
500 |a Reproduction of the original in the Bodleian Library. 
510 4 |a Wing (2nd edition)  |c H3816. 
533 |a Electronic reproduction.  |b Ann Arbor, Mich. :  |c UMI,  |d 1999-  |f (Early English books online)  |n Digital version of: (Early English books, 1641-1700 ; 1779:7)  |7 s1999 miun s 
600 1 0 |a Tombes, John,  |d 1603?-1676.  |t Two treatises and an appendix to them concerning infant-baptisme  |v Early works to 1800. 
650 0 |a Infant baptism  |v Early works to 1800. 
830 0 |a Early English books online. 
856 4 0 |u http://proxy.library.tamu.edu/login?url=https://search.proquest.com/docview/2240906632  |z Connect to the full text of this electronic book  |t 0 
999 f f |s 23cf56c2-08b7-3ac6-ab4b-2a0d7db9a44c  |i 18664f0c-894c-33e8-87b7-0e52b976b8f8  |t 0 
952 f f |a Texas A&M University  |b College Station  |c Electronic Resources  |d Available Online  |t 0  |h No information provided 
998 f f |t 0  |l Available Online